La lengua de los derechos: la formación del Derecho Público europeo tras la Revolución Francesa
-д хадгалсан:
| Үндсэн зохиолч: | |
|---|---|
| Формат: | Үл мэдэгдэх |
| Хэл сонгох: | англи испани |
| Хэвлэсэн: |
Navarra, España
Aranzadi
2009
|
| Хэвлэл: | Tercera edición |
| Нөхцлүүд: | |
| Шошгууд: |
Шошго нэмэх
Шошго байхгүй, Энэхүү баримтыг шошголох эхний хүн болох!
|
MARC
| LEADER | 00000 a2200000 4500 | ||
|---|---|---|---|
| 003 | CL-VaPUC | ||
| 005 | 20210610001623.0 | ||
| 008 | 200116b ||||| |||| 00| 0 eng d | ||
| 999 | |c 376084 |d 376082 | ||
| 020 | |a 9788447031603 | ||
| 040 | |c Pontificia Universidad Católica de Valparaíso | ||
| 041 | 0 | |a spa | |
| 082 | |a 342.44 GAR 2009 | ||
| 100 | 1 | |a García de Enterría, Eduardo |9 254850 | |
| 245 | 1 | 3 | |a La lengua de los derechos: |b la formación del Derecho Público europeo tras la Revolución Francesa |
| 250 | |a Tercera edición | ||
| 260 | 3 | |b Aranzadi |c 2009 |a Navarra, España | |
| 300 | |a 261 p | ||
| 505 | 0 | |a Primera parte. Capítulo 1. La revolución francesa y la aparición de una nueva lengua de los derechos. Segunda parte. La lengua de los derechos como lengua técnica de ordenación de la sociedad política. La formación del Derecho público postrevolucionario. Capítulo 3. Las bases de la formación del Derecho público revolucionario. Capítulo 4. La consolidación de las distintas ramas del Derecho público y su recepción europea. | |
| 583 | |k Hugo Gaete |c 20200116 | ||
| 650 | 0 | 0 | |a DERECHO PUBLICO EUROPEO |9 608542 |
| 650 | 0 | 0 | |a Derecho francés |9 385145 |
| 650 | 0 | 0 | |a Revolución francesa |9 324244 |
| 942 | |2 ddc |c BK | ||
| 952 | |0 0 |1 0 |2 ddc |4 0 |6 342_440000000000000_GAR_2009 |7 0 |9 495257 |a BIBDER |b BIBDER |d 2019-12-27 |e 36 |g 26950.00 |i 5568692 |l 3 |m 3 |o 342.44 GAR 2009 |p 5568692 |r 2024-04-22 |s 2024-04-17 |t 1 |v 26950.00 |w 2019-12-27 |y BK |k DER | ||